00351pab a2200121 454500008004000000100002100040245003500061260000900096300001100105362000900116650006600125773003800191180718b1986 xxu||||| |||| 00| 0 eng d aSmith, Steven B. aHegel's critique of liberalism c1986 a121-39 aMar. aHegel, Gedrg Wilhelm Friedrich - Criticism and interpretation aAmerican Political Science Review